| 000 | 01566cam a22002174a 4500 | ||
|---|---|---|---|
| 005 | 20250605164222.0 | ||
| 008 | 250528s ||||||||||||||||||||||||d | ||
| 035 | _a20702 | ||
| 020 | _a9602369655 | ||
| 040 |
_aGR-AtMCL _bgre _dGR-AtMCL _eAACR2 |
||
| 245 | 1 | _aΨυχολογία και Παιδαγωγική | |
| 250 | _a1η | ||
| 260 |
_bΑ. Α. Λιβάνη, _c1979 |
||
| 300 | _a194 | ||
| 520 | _aΠρόλογος, Εκπαίδευση και Μέθοδοι Ψυχολογίας, Η Εξέλιξη της Παιδαγωγικής, Οι Πρόοδοι της Ψυχολογίας του Παιδιού και του Εφήβου, Η Εξέλιξη Ορισμένων Διδακτικών Κλάδων, Οι Ποσοτικές Μεταβολές και ο Σχεδιασμός της Παιδείας, Οι Δομικές Μεταρρυθμίσεις και τα Προγράμματα και τα Προβλήματα Προσανατολισμού, Η Διεθνής Συνεργασίας σε Θέματα Εκπαίδευσης, Η Εκπαίδευση του Διδακτικού Προσωπικού της Πρωτοβάθμιας και Δευτεροβάθμιας Εκπαίδευσης, Οι Νέες Μέθοδοι και οι Ψυχολογικές τους Βάσεις, Η Γένεση Νέων Μεθόδων, Εκπαιδευτικές Αρχές και Ψυχολογικά Δεδομένα. | ||
| 700 | 1 |
_aΑνθούλιας Τάσος _96666 |
|
| 700 | 1 |
_aΠιαζέ Ζαν _94120 |
|
| 942 | _cBK | ||
| 999 |
_c5788 _d5788 |
||